Представление документа в формате RUSMARC

ПолеНазваниеЗначение
  Тип записи c
  Библиографический уровень m
001 Контрольный номер RU/УОНБ/EK_N/413976844
005 Дата корректировки 20250417163259.9
100 Данные общей обработки __
a Данные общей обработки 20130212d1991 u y0rusy0189 ba
101 Язык документа 0_
a Язык текста ger
102 Страна публикации __
a Страна публикации DE
200 Заглавие и сведения об ответственности 1_
a Заглавие Die Soloflote
d Параллельное заглавие Соло для флейты
e Сведения, относящиеся к заглавию eine Sammlung reprasentativer Werke fur Querflote allein vom Barock bis zur Gegenwart
f Первые сведения об ответственности hrsg. und Nachwort von Mirjam Nastasi
210 Выходные данные 1_
a Место издания Frankfurt
c Издательство C. F. Peters
d Дата издания 1991 -
215 Физическое описание __
d Формат 30 см
225 Серия 1_
a Серия Edition Peters
e Сведения, относящиеся к заглавию серии Musik fur Flote / Flute Music
686 Индексы других классификаций __
a Классификационный индекс 85
2 Код системы rubbk
702 Вторичная интеллектуальная ответственность _1
a Фамилия Nastasi
b Имя (инициалы) Mirjam
4 Код отношения 340
4 Код отношения 075
801 Источник записи _0
a Страна RU
b Организация Ульяновская ОНБ
c Дата составления 20130212
g Правила каталогизации RCR
801 Источник записи _1
a Страна RU
b Организация Ульяновская ОНБ
c Дата составления 20130212
g Правила каталогизации RCR
901 Тип документа __
t Тип документа v
909 Создатель записи __
a Создатель записи Сергеева Н. С.
910 Корректоры записи __
a Корректор записи Никитина Т. А.
b Дата внесения изменения в запись 20250417
938 Служебная информация __
a Имя БД noti
b Имя библиотеки УОНБ
c Имя АИБС МАРК-SQL
d Номер DOC_ID в БД 10942